000 00396nam a2200133Ia 4500
008 220216s9999 xx 000 0 und d
100 _aBhaskara Pillai V
245 0 _aScheme for establishing a project for production of modern solid block rubber
260 _bSouvenir, Rubber Planters Conference India, 1974
_c1974
300 _a77-83
650 _aISNR
700 _aThomas E V
942 _cJS
999 _c68440
_d68440